[Event "Tabor op"]
[Site "Tabor"]
[Date "2011.07.31"]
[Round "1"]
[White "Talla, Vladimir"]
[Black "Vondrus, Martin"]
[Result "1-0"]
[WhiteElo "2427"]
[BlackElo "1949"]
[PlyCount "57"]
[EventDate "2011.07.31"]
[EventType "swiss"]
[EventRounds "9"]
[EventCountry "CZE"]
[SourceTitle "CBM 143 Extra"]
[Source "ChessBase"]
[SourceDate "2011.08.29"]
[SourceVersion "1"]
[SourceVersionDate "2011.08.29"]
[SourceQuality "1"]

1. e4 c6 2. d4 d5 3. Nd2 dxe4 4. Nxe4 Bf5 5. Ng3 Bg6 6. h4 h6 7. Nf3 Nd7 8. h5 Bh7 9. Bd3 Bxd3 10. Qxd3 Qc7 11. Bd2 e6 12. 0-0-0 Ngf6 13. Ne4 Nxe4 14. Qxe4 Nf6 15. Qe2 Bd6 16. Kb1 0-0-0 17. c4 Kb8 18. Bc3 c5 19. dxc5 Qxc5 20. Ne5 Bxe5 21. Bxe5+ Ka8 22. f4 Qa5 23. Ka1 Rxd1+ 24. Rxd1 Rc8 25. g4 Ne8 26. Rd7 f6 27. Bc3 Qb6 28. b3 Rd8 29. c5 1-0